Biblioteca

The science of God (Registro nro. 64153)

Detalles MARC
000 -LÍDER
Campo fijo de descripción fija 01587cam a2200397Ia 4500
001 - NÚMERO DE CONTROL
Campo de control 594306
003 - IDENTIFICADOR DEL NÚMERO DE CONTROL
Campo de control CO-MdFUSB
005 - FECHA Y HORA DE LA ULTIMA TRANSACCIÓN
control field 20190202100246.0
008 - ELEMENTOS DE LONGITUD FIJA -- INFORMACIÓN GENERAL
Campo fijo de descripción fija -- Información general 040817t2004 enk g b 001 0 eng
020 ## - NÚMERO INTERNACIONAL NORMALIZADO PARA LIBROS
Número Internacional Normalizado del libro 0567083535 (pbk)
040 ## - FUENTE DE CATALOGACIÓN
Agencia de catalogación original TLQ
Agencia que realiza la transcripción CO-MdFUSB
Idioma de catalogación spa
Agencia que realiza la modificación CO-MdFUSB
Convenciones de la descripción rda
041 ## - CÓDIGO DE IDIOMA
Código de idioma para texto/pista de sonido o título separado eng
049 ## - LOCAL HOLDINGS (OCLC)
Holding library PTSS
082 04 - NÚMERO DE CLASIFICACIÓN DECIMAL DEWEY
Número de la edición del Dewey 24
Número de clasificación G 230.015
Clave de autor-Numero de item M478s
100 1# - ASIENTO PRINCIPAL--NOMBRE PERSONAL
Nombre personal McGrath, Alister E.,
Fechas asociadas con el nombre 1953-
Término relacionador autor
242 13 - TRADUCCIÓN DEL TÍTULO POR AGENCIA CATALOGADORA
Título La ciencia de Dios
Parte restante del título - Subtítulo : una introducción a la teología científica
Idioma del título original Inglés
245 14 - TÍTULO
Título del Material The science of God
Parte restante del título - Subtitulo : an introduction to scientific theology
Mención de responsabilidad, etc. / Alister E. McGrath.
264 #1 - PRODUCCIÓN, PUBLICACIÓN, DISTRIBUCIÓN, MANUFACTURA, Y COPYRIGHT
Lugar de producción, publicación, distribución, manufactura London :
Nombre del productor, publicador, distribuidor T&T Clark International,
Fecha de producción, publicación, distribución, manufactura, o copyright ℗2004
264 #4 - PRODUCCIÓN, PUBLICACIÓN, DISTRIBUCIÓN, MANUFACTURA, Y COPYRIGHT
Fecha de producción, publicación, distribución, manufactura, o copyright ©2004
300 ## - DESCRIPCIÓN FÍSICA
Extensión xiv, 271 páginas ;
Dimensiones 18 cm.
Otros detalles físicos :
336 ## - TIPO DE CONTENIDO
Fuente rdacontent
Término de tipo de contenido texto
Código de tipo de contenido txt
337 ## - TIPO DE MEDIO
Fuente rdamedia
Nombre del tipo de medio sin mediación
Código del tipo de medio n
338 ## - TIPO DE SOPORTE
Fuente rdacarrier
Nombre del tipo de soporte volumen
Código Tipo de soporte nc
501 ## - NOTA DE “CON”
Nota de Contenido Incluye índice (p. 265- 271)
504 ## - NOTA DE BIBLIOGRAFÍA, ETC.
Nota de bibliografía, etc Notas (p. 253-263)
505 ## - NOTA DE CONTENIDO
Nota de contenido con formato preestablecido Prolegómenos -- Naturaleza -- Realidad -- Teoría
520 ## - NOTA DE RESUMEN, ETC.
Nota de sumario, etc. McGrath provides a summary of and introduction to the major themes examined in his three volume work A scientific theology. He outlines all the major ideas on Christian theology both philosophically and historically, discussing their relationships with the natural sciences.
600 10 - ASIENTO SECUNDARIO DE MATERIA - NOMBRE PERSONAL
Nombre personal McGrath, Alister E.,
Fechas asociadas con el nombre 1953-
Título de la obra Scientific theology.
650 #7 - ASIENTO SECUNDARIO DE MATERIA - TERMINO TEMÁTICO
Término temático o nombre geográfico como elemento de entrada Teología doctrinal
Fuente del encabezamiento o término
9 (RLIN) 179
650 #7 - ASIENTO SECUNDARIO DE MATERIA - TERMINO TEMÁTICO
Término temático o nombre geográfico como elemento de entrada Religión y ciencia
9 (RLIN) 259
653 ## - TÉRMINO DE INDIZACIÓN - NO CONTROLADO
Término no controlado Teología natural
942 ## - TIPO DE MATERIAL (KOHA)
Tipo de Item KOHA Libros General
Existencias
Estado de Material Estado de Perdido Forma de Clasificación Estado de Dañado No para Préstamo Colección Biblioteca de Origen Biblioteca Permanente Fecha de Adquisición Total de Préstamos Signatura Topográfica Código de Barras Última vez visto Ejemplar/Existencia Fecha de Remplazo Tipo de Material
    Dewey Decimal Classification     Colección General Biblioteca FUSBC Biblioteca FUSBC 13/12/2017   G 230.015 M478s 4427 12/12/2019 Ej. 1 13/12/2017 Libros General

Biblioteca FUSBC | Teléfono: (57+4) 349 88 10 Ext. 141| WhatsApp (+57) 3005338115 
E-mail: biblioteca@unisbc.edu.co | Calle 76 87-14 Robledo Palenque, Medellín, Colombia

Con tecnología Koha